00809nam a2200205Ia 4500001000900000003000500009008004100014010001100055040000900066100003200075245016400107260003400271300001000305502010500315650002600420650002200446650004600468710003600514710005300550Para_237CHAP220125s2000 xx 000 0 und d a198970 cCHAP aMartínez Beltrán, David aRespuesta de ocho genotipos de frijol al ataque de la conchuela (Epilachna varivestis Mulsant) /c por David Martínez Beltrán y José Juan Moreno Santoyo aChapingo, Méx. :b el autor a71 h. aTesis (Ing. Agr. Esp. en Parasitología Agrícola) -- UACh Departamento Parasitología Agrícola aEpilachna varivestis  aFrijol x plagas  aFrijol x variedades resistentes a plagas aI. Moreno Santoyo, José Juan  aII. UACh Departamento Parasitología Agrícola